000 00682nam a2200277Ia 4500
005 20260324113056.0
008 008 260324s9999 xx 000 0 eng d
020 _a9781032622408
037 _aEBOOK
040 _aCRL
040 _beng
040 _cCRL
041 _2eng
041 _aeng
084 _qCRL
100 _aHari Niwas Mishra; Pradyuman Kumar; Ajay Singh
_91145317
245 0 _aRecent Advances in Ready-to-Eat Food Technology
260 _bTaylor and Francis
260 _c2024
365 _a
365 _b355
856 _uhttp://www.taylorfrancis.com/books/9781032622408
942 _cEBOOK
999 _c1734783
_d1734783